Name A Valid Answer - Formula One - Statistics

General Stats
  • This quiz has been taken 75 times
  • The average score is 10 of 13
Answer Stats
Hint Number Answer % Correct
F1 World Constructors' Champions no longer on the F1 grid 10 Lotus | Cooper | Brabham | Renault | Vanwall | BRM | Matra | Tyrrell | Benetton | Brawn
96%
Drivers that won the WDC for Williams 7 Alan Jones | Keke Rosberg | Nelson Piquet | Nigel Mansell | Alain Prost | Damon Hill | Jacques Villeneuve
93%
Countries Max Verstappen got P8 or better while representing Toro Rosso 9 Malaysia | Austria | Hungary | Belgium | Singapore | Japan | USA | Bahrain | China
90%
Drivers with over 50 race starts for the RB junior team 7 Pierre Gasly | Yuki Tsunoda | Daniil Kvyat | Daniel Ricciardo | Jean-Eric Vergne | Carlos Sainz | Sebastien Buemi
90%
F1 drivers with 3 or more 2nd place finishes in the WDC final standings 7 Stirling Moss | Alain Prost | Graham Hill | Nigel Mansell | Fernando Alonso | Sebastian Vettel | Lewis Hamilton
90%
The last 5 Renault F1 drivers before they rebranded to Alpine 5 Esteban Ocon | Daniel Ricciardo | Nico Hulkenberg | Carlos Sainz | Jolyon Palmer
85%
F1 drivers with exactly 2 sprint race victories 2 Valtteri Bottas | Oscar Pastry
78%
Ayrton Senna teammates (cannot be Alain Prost) 9 Johnny Cecotto | Stefan Johansson | Elio de Angelis | Johnny Dumfries | Satoru Nakajima | Gerhard Berger | Michael Andretti | Mika Hakkinen | Damon Hill
73%
Japanese drivers who scored a podium 3 Aguri Suzuki | Takuma Sato | Kamui Kobayashi
67%
Countries Lance Stroll got podiums in 2 Azerbaijan | Bahrain
66%
F1 drivers that also won the Formula E Driver's Championship 7 Nelson Piquet Jr. | Sebastien Buemi | Lucas di Grassi | Jean-Eric Vergne | Nyck de Vries | Stoffel Vandoorne | Pascal Wehrlein
66%
One time race winners from 2000-2019 4 Jarno Trulli | Robert Kubica | Heikki Kovalainen | Pastor Maldonado
61%
Drivers who used number 2, past or present in their career 2 Stoffel Vandoorne | Logan Sargeant
45%
No matching quizzes found
Score Distribution
Percent of People with Each Score
Percentile by Number Answered
Your Score History
You have not taken this quiz